Jak úspešně přesvědčovat ostatní
Niektoré dôležité predpoklady, o ktoré sa úspešné presvedčovanie opiera.
Uložené v:
| Hlavný autor: | |
|---|---|
| Médium: | Kapitola |
| Jazyk: | Czech |
| Predmet: | |
| Tagy: |
Žiadne tagy, Buďte prvý, kto otaguje tento záznam!
|
MARC
| LEADER | 00000naa$a2200000$$$4500 | ||
|---|---|---|---|
| 001 | 0068780 | ||
| 005 | 20231019113913.3 | ||
| 041 | 0 | |a cze | |
| 044 | |a CZ | ||
| 245 | 1 | 0 | |a Jak úspešně přesvědčovat ostatní |c Jan Urban |
| 520 | |a Niektoré dôležité predpoklady, o ktoré sa úspešné presvedčovanie opiera. | ||
| 610 | 2 | 0 | |a firmy |
| 610 | 2 | 0 | |a manažéri |
| 610 | 2 | 0 | |a zamestnanci |
| 610 | 2 | 0 | |a motivácia pracovná |
| 610 | 2 | 0 | |a psychológia riadenia |
| 610 | 2 | 0 | |a empatia |
| 610 | 2 | 0 | |a vodcovstvo |
| 100 | 1 | |a Urban, Jan | |